Phân lập và tuyển chọn hệ vi sinh vật hữu ích trong cải tiến chất lượng hạt ca cao lên men : Báo cáo tổng kết đề tài khoa học và công nghệ cấp Trường

Nội dung xác định và thiết lập CSDL về hệ sinh vật trong lên men ca cao, góp phần cải tiến và hoàn chỉnh quy trình sơ chế ca cao ở quy mô nông hộ thông qua nghiên cứu làm giảm độ acid trong hạt ca cao lên men....

Deskribapen osoa

Gorde:
Xehetasun bibliografikoak
Egile nagusia: Huỳnh, Xuân Phong
Formatua: Liburua
Hizkuntza:Undetermined
Argitaratua: Cần Thơ Trường Đại học Cần Thơ 2012
Gaiak:
Etiketak: Etiketa erantsi
Etiketarik gabe, Izan zaitez lehena erregistro honi etiketa jartzen!
Thư viện lưu trữ: Trung tâm Học liệu Trường Đại học Cần Thơ
LEADER 01264nam a2200229Ia 4500
001 CTU_203561
008 210402s9999 xx 000 0 und d
082 |a 633.92 
082 |b Ph431 
088 |a T2012-44 
100 |a Huỳnh, Xuân Phong 
245 0 |a Phân lập và tuyển chọn hệ vi sinh vật hữu ích trong cải tiến chất lượng hạt ca cao lên men : 
245 0 |b Báo cáo tổng kết đề tài khoa học và công nghệ cấp Trường 
245 0 |c Huỳnh Xuân Phong (chủ nhiệm đề tài) ; Nguyễn Ngọc Thạnh ... [et al.] (tham gia thực hiện) 
260 |a Cần Thơ 
260 |b Trường Đại học Cần Thơ 
260 |c 2012 
520 |a Nội dung xác định và thiết lập CSDL về hệ sinh vật trong lên men ca cao, góp phần cải tiến và hoàn chỉnh quy trình sơ chế ca cao ở quy mô nông hộ thông qua nghiên cứu làm giảm độ acid trong hạt ca cao lên men. 
650 |a Cacao,Ca cao 
650 |x Diseases and pests,Control,Dịch bệnh và sâu bệnh,Control 
904 |i Qhieu 
980 |a Trung tâm Học liệu Trường Đại học Cần Thơ